000 00318nam a2200121Ia 4500
005 20251222144624.0
008 251222s9999||||xx |||||||||||||| ||spa||
082 _a239.4/M94
100 _aMüller, Gerardo
245 0 _aLa pastoral de la Didajé
264 _bFacultad de Teología ''Redemptoris Mater''
942 _cLIB
999 _c16053
_d16053